000 00293nam a22001337a 4500
008 180911b xxu||||| |||| 00| 0 eng d
020 _a9780077214241
041 _aeng
080 _a821
100 _a22
101 _aGJU
245 _aLiterature Graft Voice
_cDelbanco.n
942 _2udc
_cBK
999 _c47667
_d47667